Walt Disney World Picture Click Quiz Stats

 Plays Quiz not verified by Sporcle

Challenge
Share
Tweet
Score 0/8 Timer 01:00
0 Plays Today
% Correct
Epcot
95.2%
Disney's Animal Kingdom
94.5%
Magic Kingdom
92.9%
Disney's Hollywood Studios
86.9%
Disney Springs
79.5%
ESPN Wide World of Sports Complex
75.3%
Disney's Typhoon Lagoon
73%
Disney's Blizzard Beach
67.3%

You're not logged in!

Compare scores with friends on all Sporcle quizzes.
OR
Log In

You Might Also Like...

Show Comments

Extras

Top Quizzes Today


Score Distribution

Your Account Isn't Verified!

In order to create a playlist on Sporcle, you need to verify the email address you used during registration. Go to your Sporcle Settings to finish the process.

Report this User

Report this user for behavior that violates our Community Guidelines.

Details: